| 000 | 00562nam a2200181 a 4500 | ||
|---|---|---|---|
| 001 | 000017068 | ||
| 005 | 20200929165019.0 | ||
| 008 | 100317s1971 dr 000 0 spa d | ||
| 040 |
_aDO-SdBNP _bspa _cBNPHU |
||
| 082 |
_axxx _bO48d |
||
| 100 | 1 |
_aOlivier, Consuelo _937656 |
|
| 245 | 1 | 0 |
_aDe nuestro lenguaje y costumbres / _cConsuelo Olivier ; prólogo Manuel Rueda. |
| 250 | _a2a ed. aumentada y corregida | ||
| 260 |
_aSanto Domingo : _bArte y Cine, _c1971. |
||
| 300 |
_a167 p. ; _c23 cm. |
||
| 500 | _aIncluye notas al pie de las páginas | ||
| 049 | _aBNPD | ||
| 999 |
_c16594 _d16594 |
||